Você é Linda - Statistics

Estatísticas Gerais
  • Esse quiz foi jogado 19 vezes
  • A pontuação média é 131 de 225
Estatísticas das Respostas
% Correto
E
93%
é
93%
e
93%
A
87%
à
87%
de
87%
Linda
87%
linda
87%
me
87%
Você
87%
você
87%
o
80%
do
73%
Do
73%
No
73%
no
73%
que
73%
Que
73%
demais
67%
gueixa
67%
Mais
67%
mais
67%
mal
67%
mel
67%
olhos
67%
sabe
67%
67%
faz
60%
máscara
60%
Nos
60%
pra
60%
sim
60%
amor
53%
as
53%
canção
53%
diz
53%
dizer
53%
em
53%
mim
53%
acácias
47%
bateu
47%
Esta
47%
feliz
47%
Fonte
47%
Luz
47%
mar
47%
Onda
47%
viver
47%
azul
40%
das
40%
olha
40%
seu
40%
sol
40%
cacho
33%
não
33%
Não
33%
sua
33%
tão
33%
belas
27%
Beleza
27%
coisa
27%
estrelas
27%
Kabuki
27%
lábios
27%
mãe
27%
músicas
27%
quer
27%
ritmo
27%
são
27%
toda
27%
Todas
27%
trás
27%
Abaeté
20%
ainda
20%
atravessa
20%
Choque
20%
deixa
20%
Dentes
20%
deserta
20%
Diga
20%
Dona
20%
entre
20%
esperta
20%
forte
20%
Gosto
20%
hei
20%
íntimo
20%
Letras
20%
Mulher
20%
músculos
20%
Nunca
20%
ouvir
20%
Quando
20%
rua
20%
ver
20%
Areias
13%
carnaval
13%
certa
13%
faça
13%
Peitos
13%
Sentir
13%
estilo
7%
Mina
7%
ter
7%
Ir
0%
Nenhum quiz correspondente encontrado
Distribuição das Pontuações
Porcentagem de Pessoas com Cada Pontuação
Percentil de Números Respondidos
Sua Pontuação Histórica
Você não jogou esse quiz